• 首页
  • 本馆介绍
  • 公告通知
  • 最新文献
  • 馆藏检索
  • 电子资源
  • 读者导购
  • 参考咨询
  • 我的图书馆
  • 登录
  • 详细信息显示
  • 放入我的书架
  • 预约/预借图书
  • 作者相关作品
  • 分类相关作品
  • 丛书相关作品
  • 出版社相关作品

书目信息

  • 表格格式
  • 工作单格式
  • 卡片格式
题名:
逆思维心理学
    
 
作者: 姚颖 编著
分册:  
出版信息: 沈阳   辽海出版社  2018
页数: 212页
开本: 23cm
丛书名:
单 册:
中图分类: B842.5-49
科图分类:
主题词: 思维心理学--si wei xin li xue--通俗读物
电子资源:
ISBN: 978-7-5451-4416-1
000 00688nam0 2200241 450
001 012001000850
005 20131025091327.0
010    @a978-7-5451-4416-1@dCNY68.00
099    @aCAL 012018136727
100    @a20181025d2018 emky0chiy5010 ea
101 0  @achi
102    @aCN@b210000
105    @ay z 000yy
106    @ar
200 1  @a逆思维心理学@Ani si wei xin li xue@d= Thinking@f姚颖编著@zeng
210    @a沈阳@c辽海出版社@d2018
215    @a212页@d23cm
510 1  @aThinking@zeng
606 0  @a思维心理学@Asi wei xin li xue@j通俗读物
690    @aB842.5-49@v5
701  0 @a姚颖@Ayao ying@4编著
801  0 @aCN@b江苏凤凰@c20191020
905    @b1221579-82@dB842.5-49@e3382@f4
    
    逆思维心理学= Thinking/姚颖编著.-沈阳:辽海出版社,2018
    212页;23cm
    
    
    ISBN 978-7-5451-4416-1:CNY68.00
    
●
相关链接 在E读中查询图书 在五车中查询图书 在当当中查询图书 在豆瓣中查询图书


正题名:逆思维心理学     索取号:B842.5-49/3382         预约/预借

序号 登录号 条形码 馆藏地/架位号 状态 备注
1 1221579   212215798   第一样本阅览室/ [索取号:B842.5-49/3382] 在馆    
2 1221580   212215805   教育系资料室/ [索取号:B842.5-49/3382] 在馆    
3 1221581   212215814   教育系资料室/ [索取号:B842.5-49/3382] 在馆    
4 1221582   212215823   第一借阅区/ [索取号:B842.5-49/3382] 在馆    
唐山师范学院图书馆 欢迎您!
大连网信软件有限公司© 版权所有